| 000 | 00466pab a2200169 454500 | ||
|---|---|---|---|
| 008 | 180718b1995 xxu||||| |||| 00| 0 eng d | ||
| 100 | _aBalakrishnan, P. | ||
| 245 | _aTotal factor productivity growth in manufacturing industry | ||
| 260 | _c1995 | ||
| 300 | _ap.462-64 | ||
| 362 | _a4 Mar | ||
| 650 | _aCommercial products - India | ||
| 650 | _aManufacturers - India | ||
| 700 | _aPushpangadan, K. | ||
| 773 | _aEconomic and Political Weekly | ||
| 909 | _a26358 | ||
| 999 |
_c26358 _d26358 |
||